000 00760nab a2200229 4500
003 BR-BrBNA
005 20241013233645.0
008 241013b bl.||||| |||| 00| 0 por d
040 _aBR-BrBNA
_bpor
072 _aE40 ; E50 ; B50
100 _aOsaki, Mauro
245 _aPor que a CAC foi extinta?
_bFórum
500 _a7 illus.
650 _aCOOPERATIVISMO
650 _aCOOPERATIVA AGRÍCOLA DE COTIA
650 _aCRISE ECONÔMICA
650 _aSOCIOLOGIA RURAL
650 _aHISTÓRIA
773 0 _04115
_9344975
_dPiracicaba-SP Centro de Estudos Avançados em Economia Aplicada-CEPEA/USP/ESALQ 2002
_o2024-5388
_tHortifruti Brasil (Brazil)
_x1981-1837
_gv. 2(16) p. 20-23; (Aug 2003)
_wBR2024003036
942 _cANA
999 _c328080
_d328080